Responses for Show #3066 - Monday, December 22, 1997

Contestants

[<< previous game]

Joan Lankford, a registered nurse originally from Huntsville, Alabama

Larry Thompson, an actor from Smyrna, Georgia

Monica Erichsen, an educational assistant from Everett, Washington (whose 2-day cash winnings total $12,401)

[next game >>]

Jeopardy! Round responses

BOOKS ON SPORTS
TRANSPORTATION
SONGS OF THE '60s
THE CIVIL WAR
CHRISTMAS CUISINE
(Alex: How appropriate!)
DOUBLE D WORDS
    $100 13
Lake Superior

Larry
    $100 21
(Joan: What are dirigibles?)
(Alex: Be more specific.)

blimps

Joan
    $100 2
Johnny Cash

Larry
    $100 3
Robert E. Lee

Joan
    $100 18
Baskin-Robbins

Monica
    $100 1
cheddar

Joan
    $200 14
Arthur Ashe

Joan
    $200 22
the Moon

Monica
    $200 4
"Wild Thing"

Joan
    $200 8
Fort Sumter

Larry
    $200 19
pudding

Joan
    $200 10
ladder

Larry
    $300 28
Charles Barkley

Larry
    $300 25
(Larry: What is an SST?)
(Alex: Be more specific.)

the Concorde

Larry
    $500 5
(Joan: What is "It Looks Like Rain"?)

"Heat Wave"

Joan
    $300 9
Texas

Joan
    $300 20
candy canes

Larry
    $300 15
Aladdin

Monica
    $400 29
Bruce Lee

Monica
    $400 26
(Alex: We have less than a minute to finish the round.)

a clipper ship

Joan
    $400 7
(Larry: What is "Hello Goodbye"?)

"The End"

Larry
Triple Stumper
    $400 11
William T. Sherman

Larry
    $400 23
a boar (or a pig)

Monica
    $400 16
(Joan: What is a violin?)

the fiddle

Joan
Triple Stumper
    $500 30
Bill Parcells

Triple Stumper
    $500 27
Jeep

Larry
    $500 6
Frank & Nancy Sinatra

Larry
    $500 12
Alexander Stephens

Larry
    $500 24
Yule log

Monica
    $500 17
Paddington

Monica

Scores at the first commercial break (after clue 14):

Monica Larry Joan
$0 $1,600 $400

Scores at the end of the Jeopardy! Round:

Monica Larry Joan
$2,400 $3,000 $700

Double Jeopardy! Round responses

THE BIBLE
DOWN UNDER
FILMS OF THE '80s
BORN ON CHRISTMAS DAY
HEALTH & MEDICINE
TIME PHRASES
    $200 2
Samson

Larry
    $200 3
(Monica: What is a sword?)

Boomerang

Monica
Triple Stumper
    $200 5
Wall Street

Monica
    $200 21
(Joan: Who is Florence Nightingale?)

Clara Barton

MonicaJoan
    $200 1
Cholesterol

Monica
    $200 16
Happy hour

Monica
    $400 6
Mark

Larry
    $400 4
Australian Open

Triple Stumper
    $400 7
Yentl

Larry
    $400 22
Barbara Mandrell

Monica
    $400 9
Flu

Monica
    $400 17
Rainy day

Joan
    $600 10
Job

Monica
    $600 28
(Larry: What is Brisbane?)
...
[The end-of-round signal sounds.]

Darwin

Larry
Triple Stumper
    $600 8
Taps

Joan
    $600 23
Cab Calloway

Larry
    $600 13
Hives

Joan
    $600 18
Fiscal year

Larry
    $2,000 11
(Monica: Who is Timothy?)

Paul

Monica
    $800 26
The Big Chill

Monica
    $800 24
(Alex: We have about a minute left in the round.)

Rod Serling

Larry
    $800 14
Gene

Joan
    $800 19
All Night Long

Triple Stumper
    $1000 12
Elizabeth

Joan
    $1000 27
Places In The Heart

Joan
    $2,000 25
(Alex: Was that a guess?)
(Larry: Yep!)
(Alex: Well, a correct guess and a Christmas gift for you!)

Jimmy Buffett

Larry
    $1000 15
Hypothermia

Larry
    $1000 20
A Month Of Sundays

Triple Stumper

Scores at the end of the Double Jeopardy! Round:

Monica Larry Joan
$3,200 $8,400 $4,900

[wagering suggestions for these scores]

Final Jeopardy! Round responses

U.S. PRESIDENTS
(Alex: Joan, you were the closest. You
had JFK and crossed it out for Reagan.)
MonicaWho is Ford
$3,100
JoanWho is was JFK? Reagan
$4,100
LarryWho was Carter
$1,600
John Fitzgerald Kennedy

Final scores:

Monica Larry Joan
$100 $6,800 $800
3rd place: Samsung His & Hers Evoca Cameras New champion: $6,800 2nd place: Six-day trip to Alaska for Iditarod Dogsled Race

Game dynamics:

Coryat scores:

Monica Larry Joan
$5,200 $7,400 $5,400
15 R,
2 W
(including 1 DD)
19 R
(including 1 DD),
2 W
14 R,
3 W
(including 1 DD)

Combined Coryat: $18,000

[game clues] [game scores] [suggest correction]

Game tape date: Unknown
The J! Archive is created by fans, for fans. Scraping, republication, monetization, and malicious use prohibited; this site may use cookies and collect identifying information. See terms. The Jeopardy! game show and all elements thereof, including but not limited to copyright and trademark thereto, are the property of Jeopardy Productions, Inc. and are protected under law. This website is not affiliated with, sponsored by, or operated by Jeopardy Productions, Inc. Join the discussion at JBoard.tv.